000 03260caa a2200313 a 4500
005 20140903174916.0
006 a
008 940627s1850 sp fr 001 0 spa d
035 _a21GAD
040 _aUCAR
_cSandra Yazo (modificó)
_dSandra Yazo (modificó)
041 1 _aspa
082 0 4 _220
_a340.54
092 _aE28N028
100 1 _aHugo, Gustav
_d1764-1844
_941646
245 1 0 _aHistoria del derecho romano
_cpor Gustavo Hugo ... ; Traducida al castellano por D. Manuel Casado Tello
260 0 _aMadrid
_bestablecimiento tipográfico de D. R. R. de Rivera
_c1850
300 _a552, [1] p.
_c23 x 15 cn.
490 _aBiblioteca de jurisprudencia y legislación
500 _aDetalles físicos: Encuadernación rígida en cartón forrada en tela, lomo con tejuelo, letras y adornos en dorado. Tapas con residuos de cinta. Guardas en papel de agua. Anteportada. Portada impresa en una tinta con varios sellos de tinta. Texto impreso en una columna, márgenes amplios. Varias citas y notas entre el texto. Papel manchado.
505 2 _aIntroducción. Historia del derecho. ; Historia exterior é interior del derecho. ; Fuentes de la historia del derecho romano. ; Escritores griegos. ; Clásicos latinos no jurisconsultos. ; Que consideración mereció para los romanos la historia del derecho. ; Justiniano. ; Insuficiencia de estas fuentes. ; Historia de la historia del derecho -- Historia del derecho Romano: Desde la fundación de Roma hasta las doce tablas. ; Historia de las fuentes. ; Historia de la cultura de la ciencia del derecho. ; El derecho romano considerado en sí mismo al fin de este periodo. ; Derecho privado. ; Derecho de ciudad. ; Tutela y curaduría. ; Sección de las cosas. ; Sección de las obligaciones. ; Derecho Público: Derecho político. ; Instituciones concernientes particularmente al orden público -- Desde las doce tablas hasta Cicerón. ; Historia de las fuentes. ; Historia de la cultura de la ciencia del derecho. ; El derecho romano considerado en sí mismo al fin de este periodo. ; Derecho público. ; Instituciones relativas particularmente al orden público -- Desde Cicerón hasta Alejandro Severo: Historia de las fuentes. ; Derecho civil. ; Tutela y curaduría. ; Sección de las obligaciones. ; Derecho público. ; Consideraciones relativas particularmente al orden público – Desde Alejandro Severo hasta Justiniano. ; Historia de las fuentes. ; Historia de la cultura de la ciencia del derecho. ; El derecho romano considerado en sí mismo al fin de este periodo. ; Derecho civil. ; Sección de las personas. ; Sección de las cosas. ; Sección de las obligaciones. ; Derecho público. ; Instituciones relativas en particular al orden público.
506 _aConsulta en sala
650 7 _aDerecho romano
_xHistoria
_927933
690 _aDerecho
700 1 _aCasado Tello, Manuel
_941648
700 1 _aFoucelet, f.
_941649
700 1 _aJourdan
_941647
856 4 _uhttp://books.google.com.co/books?id=Pxh1xuAX8q8C&printsec=frontcover&dq=Historia+del+derecho+romano+1850&hl=es&sa=X&ei=Knb2UZvKEIWE8gTx7YHwBg&ved=0CCwQ6AEwAA#v=onepage&q=Historia%20del%20derecho%20romano%201850&f=false
_zDisponible en línea
942 _cLIBRO
_e1
_2DEWEY
_h340.54
999 _c171842
_d171842